000 01603nam0a22002891 4500
001 v19\rc\1477479
005 20250618192907.0
035 _a(NLR Aleph) 004679575
090 _a3788337
_c3788337
100 _a20060620e18781878|||y0rusy50 ca
101 0 _arus
102 _aRU
105 _ay d |||||
200 1 _aНизшие грибы в их отношениях к заразительным болезням и охранению здоровья
_eРеферат проф. К. Мерклина
_fСоч. проф. Негели
210 _aСанкт-Петербург
_cтип. Я. Трея
_d1878
215 _a[2], 91 с.
_d25
311 _aОтт. из "Воен.-мед. журн." 1878, ч. 132, отд. 3, 8; ч. 133, отд. 3
488 0 _12001#$aВоенно-медицинский журнал$v1878, ч. 132, отд. 3, 8; ч. 133, отд. 3
_tВоенно-медицинский журнал
604 _150010$aНизшие грибы в их отношениях к заразительным болезням и охранению здоровья
_1700#1$aНегели$bК.В.$f1817-1891$gКарл Вильгельм
_tНизшие грибы в их отношениях к заразительным болезням и охранению здоровья
_aНегели, Карл Вильгельм (1817-1891)
700 1 _aМерклин
_bК.Е.
_f1821-1904
_gКарл Евгеньевич
801 0 _aRU
_bNLR
_gpsbo
801 0 _aRU
_bRuMoRGB
_2psbo
801 1 _aRU
_bProSoft-M
_2rusmarc
852 _aNLR
_j18.317.3.441
899 _aБАН
942 _cBOOK
980 _aNB